Rozpoznaj Polskie miasto po 1 zdjęciu - Statystyki

Ogólne statystyki
  • Ten quiz został rozwiązany 123 razy
  • Średni wynik to 7 z 9
Statystyki odpowiedzi
Obrazkowy Odpowiedź % Poprawnych
Warszawa
98%
Kraków
95%
Gdańsk
91%
Malbork
88%
Poznań
75%
Wrocław
73%
Zamość
64%
Toruń
56%
Lądek Zdrój
13%
Nie znaleziono quizów pasujących do podanych kryteriów
Rozkład punktacji
Procent ludzi z każdym wynikiem
Percentyl według liczby udzielonych odpowiedzi
Twoja historia wyników
Nie rozwiązałeś tego quizu